Majority Russian Speaking Countries with Map - Statistics

General Stats
  • This quiz has been taken 305 times
  • The average score is 9 of 9
Answers on the Map
Answers color-coded by a green-red scale on the quiz's map according to % correct below.
 
Answer Stats
% Answer % Correct
96% Russia
100%
77% Belarus
99%
65% Ukraine
99%
85% Kazakhstan
98%
72% Estonia
95%
55% Latvia
94%
63% Lithuania
93%
50% Moldova
90%
53% Armenia
83%
No matching quizzes found
Score Distribution
Percent of People with Each Score
Percentile by Number Answered
Your Score History
You have not taken this quiz